Európa v očiach druhej administratívy Baracka Obamu

Ani jeden z kandidátov na post prezidenta - Mitt Romney či Barack Obama - nepovažovali vo svojej kampani (2012) Európu za prioritu v oblasti zahraničnej politiky. Aké sú vyhliadky do budúcnosti, v čom bude prezident Obama pokračovať a čo plánuje zmeniť.

Na minha lista:
Detalhes bibliográficos
Autor principal: Fischer, Dušan
Formato: Capítulo de Livro
Idioma:eslovaco
Assuntos:
Tags: Adicionar Tag
Sem tags, seja o primeiro a adicionar uma tag!

MARC

LEADER 00000naa a2200000 4500
001 0163654
005 20231018094340.9
041 0 |a slo 
044 |a SK 
245 1 0 |a Európa v očiach druhej administratívy Baracka Obamu  |c Dušan Fischer 
520 |a Ani jeden z kandidátov na post prezidenta - Mitt Romney či Barack Obama - nepovažovali vo svojej kampani (2012) Európu za prioritu v oblasti zahraničnej politiky. Aké sú vyhliadky do budúcnosti, v čom bude prezident Obama pokračovať a čo plánuje zmeniť. 
610 2 0 |a politika zahraničná 
610 2 0 |a spolupráca medzinárodná 
610 2 0 |a vzťahy medzinárodné 
610 2 0 |a bezpečnosť medzinárodná 
610 2 0 |a USA 
610 2 0 |a Európa 
610 2 0 |a Európska únia 
100 1 |a Fischer, Dušan